[Event "VL 2017/18"]
[Site "Mecklenburg-Vorpommern"]
[Date "2018.04.08"]
[Round "8.5"]
[White "Klippel, Jan"]
[Black "Schulz, Bernd"]
[Result "1/2-1/2"]
[WhiteElo "1983"]
[BlackElo "1851"]
[PlyCount "94"]
[EventDate "2017.??.??"]
[EventType "team-tourn"]
[EventRounds "9"]
[SourceDate "2017.10.08"]
[WhiteTeam "SSC Rostock 07"]
[BlackTeam "ASV Wismar"]

1. Nf3 Nf6 2. g3 g6 3. Bg2 Bg7 4. O-O O-O 5. c4 c5 6. Nc3 Nc6 7. e3 d6 8. d4
Bg4 9. h3 Bxf3 10. Bxf3 Rc8 11. b3 Nd7 12. Ne2 e6 13. Bb2 Nf6 14. Rc1 b6 15.
Nf4 Ne7 16. Qe2 Re8 17. Rfd1 Qc7 18. Bg2 Qb8 19. h4 h5 20. Bh3 Rcd8 21. Bg2 Qc7
22. Nd3 Rb8 23. Qf3 Red8 24. dxc5 Ne8 25. cxd6 Rxd6 26. Bxg7 Kxg7 27. c5 bxc5
28. Nxc5 Rxd1+ 29. Qxd1 Qd6 30. Qxd6 Nxd6 31. Rd1 Nec8 32. e4 Rb5 33. e5 Nf5
34. Nd7 Nb6 35. Bc6 Ra5 36. Rd2 Ne7 37. Nxb6 axb6 38. b4 Ra3 39. Be4 Ra4 40.
Rb2 Nf5 41. Kf1 f6 42. exf6+ Kxf6 43. Ke2 Ke5 44. Bxf5 gxf5 45. Kd3 Kd5 46. Rd2
Rxb4 47. Kc3+ Kc5 1/2-1/2

[Event "VL 2017/18"]
[Site "Mecklenburg-Vorpommern"]
[Date "2018.04.08"]
[Round "8.7"]
[White "Schulze, Christoph"]
[Black "Borchert, Ulf"]
[Result "1-0"]
[WhiteElo "1613"]
[BlackElo "1833"]
[PlyCount "29"]
[EventDate "2017.??.??"]
[EventType "team-tourn"]
[EventRounds "9"]
[SourceDate "2017.10.08"]
[WhiteTeam "SSC Rostock 07"]
[BlackTeam "ASV Wismar"]

1. e4 c5 2. c3 Nc6 3. d4 cxd4 4. cxd4 d6 5. Nf3 Bg4 6. Bc4 Nf6 7. Qb3 Qb6 8.
Bxf7+ Kd7 9. d5 Nd8 10. Qa4+ Kc7 11. Be3 Qxb2 12. Qc4+ Kd7 13. Bd4 b5 14. Qc6+
Nxc6 15. dxc6+ 1-0

[Event "VL 2017/18"]
[Site "Mecklenburg-Vorpommern"]
[Date "2018.04.08"]
[Round "8.8"]
[White "Raessler, Arndt"]
[Black "Krautschick, Clemens"]
[Result "1/2-1/2"]
[WhiteElo "1667"]
[BlackElo "1831"]
[PlyCount "29"]
[EventDate "2017.??.??"]
[EventType "team-tourn"]
[EventRounds "9"]
[SourceDate "2017.10.08"]
[WhiteTeam "ASV Wismar"]
[BlackTeam "SSC Rostock 07"]

1. d4 Nf6 2. c4 g6 3. Nc3 Bg7 4. e4 d6 5. Be2 O-O 6. Nf3 e5 7. dxe5 dxe5 8.
Qxd8 Rxd8 9. Bg5 Re8 10. Rd1 h6 11. Bxf6 Bxf6 12. Nb5 Na6 13. O-O Be6 14. Rd2
Rad8 15. Rfd1 1/2-1/2

[Event "VL 2017/18"]
[Site "Mecklenburg-Vorpommern"]
[Date "2018.04.08"]
[Round "8.1"]
[White "Schreiber, Kevin"]
[Black "Moeller, Peter"]
[Result "0-1"]
[WhiteElo "2086"]
[BlackElo "2025"]
[PlyCount "72"]
[EventDate "2017.??.??"]
[EventType "team-tourn"]
[EventRounds "9"]
[SourceDate "2017.10.08"]
[WhiteTeam "SF Schwerin II"]
[BlackTeam "HSG Uni Rostock"]

1. Nf3 c5 2. c4 Nc6 3. g3 g6 4. Bg2 Bg7 5. O-O Rb8 6. e3 e5 7. Nc3 a6 8. d4
cxd4 9. exd4 exd4 10. Re1+ Nge7 11. Nd5 O-O 12. Bf4 d6 13. Nxe7+ Nxe7 14. c5
Nf5 15. g4 Nh4 16. Bxd6 Nxg2 17. Kxg2 Bxg4 18. h3 Bd7 19. Bxb8 Qxb8 20. Nxd4
Qf4 21. Nf3 Bc6 22. Qb3 Be5 23. Rxe5 Qxe5 24. Qc3 Qxc3 25. bxc3 Rd8 26. Re1 Rd5
27. Kg3 Rxc5 28. Re3 Bxf3 29. Kxf3 Ra5 30. Re2 Ra3 31. Rc2 Kf8 32. Ke4 Ke7 33.
Rb2 b5 34. Kd4 Kd6 35. f3 Ra4+ 36. Kd3 Rh4 0-1

[Event "VL 2017/18"]
[Site "Mecklenburg-Vorpommern"]
[Date "2018.04.08"]
[Round "8.2"]
[White "Hammel, Ralf"]
[Black "Hornych, Christoph"]
[Result "0-1"]
[WhiteElo "1917"]
[BlackElo "2056"]
[PlyCount "56"]
[EventDate "2017.??.??"]
[EventType "team-tourn"]
[EventRounds "9"]
[SourceDate "2017.10.08"]
[WhiteTeam "HSG Uni Rostock"]
[BlackTeam "SF Schwerin II"]

1. e4 c6 2. d4 d5 3. e5 Bf5 4. Nf3 e6 5. Be2 c5 6. Be3 cxd4 7. Nxd4 Ne7 8. c4
Nbc6 9. Qa4 dxc4 10. Nc3 a6 11. O-O-O Qa5 12. Qxa5 Nxa5 13. Nxf5 Nxf5 14. Bb6
Bb4 15. g4 Ne7 16. a3 Bxc3 17. bxc3 Nac6 18. f4 g5 19. fxg5 Nxe5 20. h4 O-O 21.
Rhf1 Rac8 22. a4 Nd5 23. Bd4 Nc6 24. Bc5 Nxc3 25. Rd7 Nxe2+ 26. Kd1 Ne5 27.
Bxf8 Nxd7 28. Bd6 Nc3+ 0-1

[Event "VL 2017/18"]
[Site "Mecklenburg-Vorpommern"]
[Date "2018.04.08"]
[Round "8.3"]
[White "Westphal, Wolfgang"]
[Black "Wichert, Till"]
[Result "1-0"]
[WhiteElo "2131"]
[BlackElo "1794"]
[PlyCount "75"]
[EventDate "2017.??.??"]
[EventType "team-tourn"]
[EventRounds "9"]
[SourceDate "2017.10.08"]
[WhiteTeam "SF Schwerin II"]
[BlackTeam "HSG Uni Rostock"]

1. e4 e6 2. Nf3 d5 3. e5 c5 4. b4 a6 5. bxc5 Bxc5 6. d4 Bb6 7. Bd3 Ne7 8. c3
Bd7 9. h4 Bb5 10. Bc2 Nbc6 11. a4 Bc4 12. Rh3 Ba5 13. Rg3 g6 14. h5 b5 15. Ng5
Nf5 16. Bxf5 gxf5 17. Nxh7 Qh4 18. Nf6+ Kd8 19. axb5 axb5 20. Rxa5 Qh1+ 21. Kd2
Qxd1+ 22. Kxd1 Rxa5 23. h6 Ne7 24. Rg7 Ra1 25. Bg5 Ng6 26. Kc2 Ra2+ 27. Kc1 Kc8
28. Nd2 Ra1+ 29. Kb2 Ra2+ 30. Kb1 Ra7 31. Nxc4 bxc4 32. h7 Rb7+ 33. Kc2 Kb8 34.
Bh6 Rc7 35. Rg8+ Rc8 36. Bg7 Kb7 37. Bxh8 Nxh8 38. Ne8 1-0

[Event "VL 2017/18"]
[Site "Mecklenburg-Vorpommern"]
[Date "2018.04.08"]
[Round "8.4"]
[White "Ivanov, Sergey"]
[Black "Roehl, Rainer"]
[Result "1/2-1/2"]
[WhiteElo "1833"]
[BlackElo "2056"]
[PlyCount "64"]
[EventDate "2017.??.??"]
[EventType "team-tourn"]
[EventRounds "9"]
[SourceDate "2017.10.08"]
[WhiteTeam "HSG Uni Rostock"]
[BlackTeam "SF Schwerin II"]

1. c4 c5 2. Nc3 g6 3. g3 Bg7 4. Bg2 Nc6 5. a3 d6 6. d3 e5 7. Nf3 Nge7 8. O-O
O-O 9. Ne1 Be6 10. Nd5 Rb8 11. b4 a5 12. Nc2 Bxd5 13. cxd5 Nd4 14. bxc5 dxc5
15. e4 b5 16. Rb1 Nc8 17. Bd2 Nd6 18. Nxd4 exd4 19. Qe1 b4 20. axb4 axb4 21.
Bf4 Ra8 22. Bxd6 Qxd6 23. f4 f6 24. Ra1 Rfe8 25. Qd2 Ra6 26. Ra2 Rea8 27. Rfa1
b3 28. Rxa6 Rxa6 29. Rb1 Qb8 30. Qc1 Qb4 31. Qc4 Ra3 32. Qxb4 cxb4 1/2-1/2

[Event "VL 2017/18"]
[Site "Mecklenburg-Vorpommern"]
[Date "2018.04.08"]
[Round "8.6"]
[White "Sager, Bernd"]
[Black "Hasselmann, Dieter"]
[Result "0-1"]
[WhiteElo "1818"]
[BlackElo "2045"]
[PlyCount "62"]
[EventDate "2017.??.??"]
[EventType "team-tourn"]
[EventRounds "9"]
[SourceDate "2017.10.08"]
[WhiteTeam "HSG Uni Rostock"]
[BlackTeam "SF Schwerin II"]

1. d4 d5 2. c4 e6 3. Nc3 Nf6 4. Bg5 Be7 5. e3 O-O 6. Nf3 a6 7. Rc1 Nbd7 8. Bd3
dxc4 9. Bxc4 b5 10. Bd3 c5 11. O-O Bb7 12. Bb1 Rc8 13. Qe2 Qb6 14. Ne5 Rfd8 15.
Rcd1 cxd4 16. exd4 Nf8 17. Rfe1 Qd6 18. a3 Ng6 19. Ba2 Bd5 20. Bb1 Ba8 21. h4
Nd5 22. Ne4 Qc7 23. h5 Nxe5 24. dxe5 Qxe5 25. Bxe7 Nxe7 26. Rxd8+ Rxd8 27. Qc2
f5 28. Rd1 Rxd1+ 29. Qxd1 Bxe4 30. Qd8+ Kf7 31. Ba2 Bd5 0-1

[Event "VL 2017/18"]
[Site "Mecklenburg-Vorpommern"]
[Date "2018.04.08"]
[Round "8.7"]
[White "Wandel, Bernd"]
[Black "Lueth, Jochen"]
[Result "1-0"]
[WhiteElo "2009"]
[BlackElo "1599"]
[PlyCount "49"]
[EventDate "2017.??.??"]
[EventType "team-tourn"]
[EventRounds "9"]
[SourceDate "2017.10.08"]
[WhiteTeam "SF Schwerin II"]
[BlackTeam "HSG Uni Rostock"]

1. d4 Nf6 2. c4 e6 3. Nc3 Bb4 4. g3 Bxc3+ 5. bxc3 O-O 6. Bg2 c6 7. e4 d6 8. Qc2
e5 9. Nf3 Re8 10. Nd2 exd4 11. cxd4 Nxe4 12. Nxe4 f5 13. O-O fxe4 14. Bxe4 Bh3
15. Bxh7+ Kh8 16. Bg6 Qf6 17. Bh5 Bxf1 18. Bxe8 Qxd4 19. Bb2 Qxc4 20. Qg6 Qg8
21. Rxf1 Na6 22. Bf7 Qh7 23. Qxd6 Rb8 24. Re1 Ra8 25. Re5 1-0

[Event "VL 2017/18"]
[Site "Mecklenburg-Vorpommern"]
[Date "2018.04.08"]
[Round "8.8"]
[White "Bengtsson, Thomas"]
[Black "Zeeck, Detlef"]
[Result "1/2-1/2"]
[WhiteElo "1532"]
[BlackElo "1668"]
[PlyCount "37"]
[EventDate "2017.??.??"]
[EventType "team-tourn"]
[EventRounds "9"]
[SourceDate "2017.10.08"]
[WhiteTeam "HSG Uni Rostock"]
[BlackTeam "SF Schwerin II"]

1. e4 c6 2. d4 d5 3. Nd2 dxe4 4. Nxe4 Bf5 5. Ng3 Bg6 6. Nf3 Nd7 7. Bd3 Ngf6 8.
Nh4 Bxd3 9. Qxd3 e6 10. Nf3 Qc7 11. Ne4 Nxe4 12. Qxe4 Nf6 13. Qe2 c5 14. Be3
cxd4 15. Bxd4 Bd6 16. c3 O-O 17. O-O Rfe8 18. Be5 Bxe5 19. Qxe5 1/2-1/2

[Event "VL 2017/18"]
[Site "Mecklenburg-Vorpommern"]
[Date "2018.04.22"]
[Round "9.1"]
[White "Waschk, Armin"]
[Black "Schreiber, Kevin"]
[Result "1/2-1/2"]
[WhiteElo "2117"]
[BlackElo "2086"]
[PlyCount "59"]
[EventDate "2017.??.??"]
[EventType "team-tourn"]
[EventRounds "9"]
[SourceDate "2017.10.08"]
[WhiteTeam "SG Guestrow/Teterow"]
[BlackTeam "SF Schwerin II"]

1. e4 d5 2. exd5 Qxd5 3. Nc3 Qd6 4. d4 Nf6 5. Nf3 c6 6. Ne5 Nbd7 7. Nc4 Qc7 8.
Qf3 Nb6 9. Bf4 Qd7 10. h3 Nxc4 11. Bxc4 Qxd4 12. Bb3 e5 13. Bh6 e4 14. Qe3
Qxe3+ 15. Bxe3 Bb4 16. Bd2 O-O 17. Nxe4 Nxe4 18. Bxb4 c5 19. Bd2 Nxd2 20. Kxd2
b5 21. c3 Rd8+ 22. Ke3 Re8+ 23. Kf4 Bb7 24. Kg3 Re5 25. h4 c4 26. Bd1 Rd8 27.
a4 Re6 28. Bg4 Re5 29. Rhd1 Rde8 30. Rd7 1/2-1/2

[Event "VL 2017/18"]
[Site "Mecklenburg-Vorpommern"]
[Date "2018.04.22"]
[Round "9.2"]
[White "Hornych, Christoph"]
[Black "Dettmann, Gerd"]
[Result "1/2-1/2"]
[WhiteElo "2056"]
[BlackElo "2107"]
[PlyCount "33"]
[EventDate "2017.??.??"]
[EventType "team-tourn"]
[EventRounds "9"]
[SourceDate "2017.10.08"]
[WhiteTeam "SF Schwerin II"]
[BlackTeam "SG Guestrow/Teterow"]

1. e4 c5 2. Nf3 d6 3. d4 cxd4 4. Nxd4 Nf6 5. Nc3 a6 6. Bc4 e6 7. a4 Nc6 8. Be3
Qc7 9. Qe2 g6 10. Ba2 Bg7 11. Rd1 O-O 12. O-O Bd7 13. Kh1 Rac8 14. f4 Nb4 15.
Bb3 d5 16. exd5 Nbxd5 17. Nxd5 1/2-1/2

[Event "VL 2017/18"]
[Site "Mecklenburg-Vorpommern"]
[Date "2018.04.22"]
[Round "9.5"]
[White "Klatt, Jan"]
[Black "Roehl, Rainer"]
[Result "1-0"]
[WhiteElo "2069"]
[BlackElo "2056"]
[PlyCount "82"]
[EventDate "2017.??.??"]
[EventType "team-tourn"]
[EventRounds "9"]
[SourceDate "2017.10.08"]
[WhiteTeam "SG Guestrow/Teterow"]
[BlackTeam "SF Schwerin II"]

1. g3 c5 2. Bg2 g6 3. Nc3 Bg7 4. d3 Nc6 5. a3 Nf6 6. e4 d6 7. Nge2 O-O 8. Rb1
Rb8 9. O-O Ne8 10. Bg5 h6 11. Be3 Nd4 12. Qd2 Kh7 13. b4 Nc7 14. f4 f5 15. bxc5
dxc5 16. e5 b6 17. Bxd4 cxd4 18. Nb5 Nxb5 19. Rxb5 Bb7 20. Bxb7 Rxb7 21. Rb4
Rd7 22. Rc4 b5 23. Rc6 Qa8 24. Rc5 a6 25. Qb4 Rfd8 26. Qb3 Qa7 27. Rc6 Qb7 28.
Qe6 Rd6 29. exd6 Qxc6 30. dxe7 Qxe6 31. exd8=Q Qxe2 32. Rf2 Qe1+ 33. Kg2 a5 34.
Qd5 h5 35. h4 Qe7 36. Qxb5 Bf6 37. Qxa5 Bxh4 38. gxh4 Qxh4 39. Qa7+ Kh6 40.
Qxd4 Qg4+ 41. Kh2 Qh4+ 1-0

[Event "VL 2017/18"]
[Site "Mecklenburg-Vorpommern"]
[Date "2018.04.22"]
[Round "9.6"]
[White "Wagner, Ralph"]
[Black "Dettmann, Holger"]
[Result "1-0"]
[WhiteElo "2049"]
[BlackElo "1915"]
[PlyCount "87"]
[EventDate "2017.??.??"]
[EventType "team-tourn"]
[EventRounds "9"]
[SourceDate "2017.10.08"]
[WhiteTeam "SF Schwerin II"]
[BlackTeam "SG Guestrow/Teterow"]

1. d4 Nf6 2. c4 e6 3. Nc3 Bb4 4. Qc2 c5 5. Nf3 Nc6 6. a3 Nxd4 7. Nxd4 cxd4 8.
axb4 dxc3 9. bxc3 b6 10. e4 Bb7 11. e5 Ng4 12. Bf4 Qc7 13. Qe2 Nh6 14. Bxh6
gxh6 15. Qe3 Rg8 16. Rg1 Qc6 17. g3 Qe4 18. Qxe4 Bxe4 19. Kd2 Ke7 20. Ke3 Bb7
21. Bd3 Rgc8 22. Kd4 d6 23. Rge1 f6 24. exd6+ Kxd6 25. Bxh7 Rc7 26. Bd3 e5+ 27.
Ke3 e4 28. Bf1 Ke5 29. Red1 h5 30. h4 f5 31. Rd4 a5 32. Be2 Rh7 33. Rd2 axb4
34. Rxa8 Bxa8 35. cxb4 Ra7 36. Bxh5 Ra3+ 37. Ke2 f4 38. gxf4+ Kxf4 39. Bf7 e3
40. Rd4+ Be4 41. fxe3+ Rxe3+ 42. Kd2 Rh3 43. Bd5 Rh2+ 44. Kc3 1-0

[Event "VL 2017/18"]
[Site "Mecklenburg-Vorpommern"]
[Date "2018.04.22"]
[Round "9.7"]
[White "Kiel, Bernd"]
[Black "Hasselmann, Dieter"]
[Result "0-1"]
[WhiteElo "1892"]
[BlackElo "2045"]
[PlyCount "118"]
[EventDate "2017.??.??"]
[EventType "team-tourn"]
[EventRounds "9"]
[SourceDate "2017.10.08"]
[WhiteTeam "SG Guestrow/Teterow"]
[BlackTeam "SF Schwerin II"]

1. e4 e5 2. Nf3 Nf6 3. Nxe5 d6 4. Nf3 Nxe4 5. Nc3 Nxc3 6. dxc3 Be7 7. Qd2 Bf5
8. Bd3 Bg6 9. Qf4 Nd7 10. Be3 Nf6 11. Bxg6 hxg6 12. O-O-O Qd7 13. h3 Qf5 14.
Qxf5 gxf5 15. Rhe1 Kf8 16. Nd4 Rh5 17. Nb5 f4 18. Nxc7 fxe3 19. Nxa8 exf2 20.
Rf1 Rc5 21. Rxf2 Rc8 22. Nb6 axb6 23. Re2 d5 24. g4 Bd6 25. Rd4 g5 26. Kd1 Bc5
27. Rd3 Re8 28. b4 Be7 29. Re5 Ne4 30. Rf5 Rc8 31. Rdf3 f6 32. a3 Kg7 33. Kc1
Nxc3 34. Kb2 d4 35. Rd3 Rd8 36. Rf2 Bd6 37. Rxd4 Nb5 38. Rdd2 Be5+ 39. Kb3 Nd4+
40. Kc4 Rc8+ 41. Kd5 Nb5 42. a4 Nc3+ 43. Ke6 Kg6 44. Rd7 Rc6+ 45. Ke7 Nxa4 46.
Rxb7 Nc3 47. Rd2 f5 48. Kd7 Rf6 49. gxf5+ Kxf5 50. Rd3 Ke4 51. Kc8 Nd5 52. b5
Nc3 53. Kd8 Nxb5 54. Rb3 Rd6+ 55. Ke7 Rh6 56. Kf8 Bd4 57. Rf7 Nc3 58. Rb4 Rh8+
59. Ke7 Nd5+ 0-1

[Event "VL 2017/18"]
[Site "Mecklenburg-Vorpommern"]
[Date "2018.04.22"]
[Round "9.8"]
[White "Wandel, Bernd"]
[Black "Ramp, Oliver"]
[Result "1-0"]
[WhiteElo "2009"]
[BlackElo "1811"]
[PlyCount "43"]
[EventDate "2017.??.??"]
[EventType "team-tourn"]
[EventRounds "9"]
[SourceDate "2017.10.08"]
[WhiteTeam "SF Schwerin II"]
[BlackTeam "SG Guestrow/Teterow"]

1. d4 d5 2. c4 e6 3. Nc3 Nf6 4. Bg5 Be7 5. e3 O-O 6. Nf3 b6 7. Bxf6 Bxf6 8.
cxd5 exd5 9. Qc2 Bb7 10. Be2 Nd7 11. O-O Rc8 12. Qb3 c6 13. Rfd1 Re8 14. Bd3
Be7 15. e4 dxe4 16. Nxe4 Nf6 17. Neg5 Nd5 18. Bxh7+ Kf8 19. h4 g6 20. Nxf7 Kxf7
21. Ne5+ Kg7 22. Qg3 1-0

[Event "VL 2017/18"]
[Site "Mecklenburg-Vorpommern"]
[Date "2018.04.22"]
[Round "9.1"]
[White "Moeller, Peter"]
[Black "Mangold, Thomas"]
[Result "0-1"]
[WhiteElo "2025"]
[BlackElo "2002"]
[PlyCount "64"]
[EventDate "2017.??.??"]
[EventType "team-tourn"]
[EventRounds "9"]
[SourceDate "2017.10.08"]
[WhiteTeam "HSG Uni Rostock"]
[BlackTeam "SSC Rostock 07"]

1. d4 Nf6 2. Bf4 g6 3. Nc3 d5 4. e3 Bg7 5. h4 h5 6. Nf3 a6 7. Bd3 Bg4 8. Ne2 c5
9. c3 Bxf3 10. gxf3 cxd4 11. cxd4 Nc6 12. Bg3 Nd7 13. f4 e6 14. a3 Rc8 15. b4
b5 16. Nc1 Nb6 17. Nb3 Nc4 18. Ra2 O-O 19. Qb1 Qe7 20. Ke2 Ra8 21. Nc5 a5 22.
Bxc4 dxc4 23. bxa5 Rxa5 24. Qe4 Nb4 25. Raa1 Nd5 26. Qc2 Rfa8 27. Rhb1 Rxa3 28.
Rxa3 Rxa3 29. Rxb5 Nc3+ 30. Kf3 Nxb5 31. Qb2 Nxd4+ 32. Kg2 Qxc5 0-1

[Event "VL 2017/18"]
[Site "Mecklenburg-Vorpommern"]
[Date "2018.04.22"]
[Round "9.2"]
[White "Pererva, Viktor"]
[Black "Schoenrock, Ruediger"]
[Result "1-0"]
[WhiteElo "2022"]
[BlackElo "1940"]
[PlyCount "81"]
[EventDate "2017.??.??"]
[EventType "team-tourn"]
[EventRounds "9"]
[SourceDate "2017.10.08"]
[WhiteTeam "SSC Rostock 07"]
[BlackTeam "HSG Uni Rostock"]

1. d4 d5 2. c4 c6 3. Nf3 Nf6 4. Nc3 dxc4 5. a4 Na6 6. e4 Bg4 7. Bxc4 e6 8. Be3
Nb4 9. Be2 Be7 10. O-O a5 11. h3 Bxf3 12. Bxf3 O-O 13. Rc1 Qc7 14. Qe2 Rfd8 15.
Rfd1 Rd7 16. g3 Qd8 17. Bg2 Rc8 18. f4 c5 19. Qf2 b6 20. Bf1 cxd4 21. Bxd4 Rxd4
22. Rxd4 Qxd4 23. Qxd4 Bc5 24. Qxc5 Rxc5 25. Rd1 Kf8 26. Rd8+ Ke7 27. Rb8 Nd7
28. Rg8 g6 29. e5 Nd5 30. Ne4 Rc1 31. Nd6 Nf8 32. Kf2 Nc7 33. Rg7 Rc2+ 34. Kf3
Rxb2 35. Rxf7+ Kd8 36. Rxf8+ Kd7 37. Bb5+ Nxb5 38. axb5 h5 39. Rf7+ Kd8 40. h4
Rb3+ 41. Kg2 1-0

[Event "VL 2017/18"]
[Site "Mecklenburg-Vorpommern"]
[Date "2018.04.22"]
[Round "9.3"]
[White "Hammel, Ralf"]
[Black "Tin, Sergey"]
[Result "1-0"]
[WhiteElo "1917"]
[BlackElo "2034"]
[PlyCount "89"]
[EventDate "2017.??.??"]
[EventType "team-tourn"]
[EventRounds "9"]
[SourceDate "2017.10.08"]
[WhiteTeam "HSG Uni Rostock"]
[BlackTeam "SSC Rostock 07"]

1. e4 e5 2. Nf3 Nc6 3. Nc3 Nf6 4. Bb5 Bb4 5. O-O O-O 6. d3 Bxc3 7. bxc3 d6 8.
Re1 Bd7 9. Bg5 h6 10. Bh4 Ne7 11. Bxd7 Nxd7 12. g4 g5 13. Bg3 Ng6 14. Rb1 b6
15. d4 Qe7 16. h3 Rfe8 17. Nd2 c5 18. Nc4 Nf4 19. Kh2 Qe6 20. d5 Qg6 21. a4
Rab8 22. Qf3 Qf6 23. Qd1 Nf8 24. Ne3 N8g6 25. Nf5 Kh7 26. c4 Rh8 27. Rh1 Kg8
28. Kg1 h5 29. h4 gxh4 30. Bxh4 Nxh4 31. Rxh4 Ng6 32. Rxh5 Rxh5 33. gxh5 Qg5+
34. Kf1 Nf4 35. Qf3 Rd8 36. Qg3 Qxg3 37. Nxg3 Kh7 38. a5 bxa5 39. Rb7 a4 40.
Rxf7+ Kg8 41. Rxa7 Rb8 42. Ke1 Rb4 43. Kd2 Rxc4 44. c3 Kh8 45. f3 1-0

[Event "VL 2017/18"]
[Site "Mecklenburg-Vorpommern"]
[Date "2018.04.22"]
[Round "9.4"]
[White "Heinicke, Wenke"]
[Black "Wichert, Till"]
[Result "0-1"]
[WhiteElo "1889"]
[BlackElo "1794"]
[PlyCount "58"]
[EventDate "2017.??.??"]
[EventType "team-tourn"]
[EventRounds "9"]
[SourceDate "2017.10.08"]
[WhiteTeam "SSC Rostock 07"]
[BlackTeam "HSG Uni Rostock"]

1. d4 e6 2. c4 f5 3. Nc3 Nf6 4. Nf3 Be7 5. g3 O-O 6. Bg2 d6 7. O-O Ne4 8. Qc2
Nxc3 9. bxc3 Nc6 10. e4 e5 11. d5 Na5 12. c5 f4 13. cxd6 cxd6 14. c4 b6 15.
gxf4 exf4 16. e5 dxe5 17. Nxe5 Bd6 18. Nf3 Bf5 19. Qc3 Rc8 20. Bb2 Rf7 21. Nd2
Qh4 22. Rac1 Nxc4 23. Nxc4 f3 24. Nxd6 Rxc3 25. Rxc3 fxg2 26. Re1 Rf8 27. Rc7
Bd7 28. Re2 Qg4 29. Re1 Qf4 0-1

[Event "VL 2017/18"]
[Site "Mecklenburg-Vorpommern"]
[Date "2018.04.22"]
[Round "9.5"]
[White "Ivanov, Sergey"]
[Black "Schumann, Rabea"]
[Result "1/2-1/2"]
[WhiteElo "1833"]
[BlackElo "1829"]
[PlyCount "79"]
[EventDate "2017.??.??"]
[EventType "team-tourn"]
[EventRounds "9"]
[SourceDate "2017.10.08"]
[WhiteTeam "HSG Uni Rostock"]
[BlackTeam "SSC Rostock 07"]

1. c4 g6 2. Nc3 Bg7 3. d4 e6 4. e4 Ne7 5. Bg5 d6 6. Qd2 h6 7. Be3 Nd7 8. Be2 b6
9. a4 a5 10. Nf3 Bb7 11. O-O Nf6 12. d5 e5 13. Ne1 Qd7 14. h3 g5 15. Nc2 Ng6
16. b4 g4 17. hxg4 Nxg4 18. Bxg4 Qxg4 19. f3 Qh4 20. Nb5 Qe7 21. c5 dxc5 22.
bxc5 bxc5 23. Nca3 Nf4 24. Rac1 Qd7 25. Rxc5 Rc8 26. Qxa5 c6 27. dxc6 Bxc6 28.
Na7 Ne6 29. Nxc8 Nxc5 30. Nb6 Nb7 31. Qa8+ Qd8 32. Qxd8+ Kxd8 33. Rd1+ Ke7 34.
Nac4 Ke6 35. a5 Bb5 36. Rd5 Ba6 37. Kf2 Rd8 38. Rxd8 Nxd8 39. Na8 Bxc4 40. Nc7+
1/2-1/2

[Event "VL 2017/18"]
[Site "Mecklenburg-Vorpommern"]
[Date "2018.04.22"]
[Round "9.6"]
[White "Maertin, Heinz"]
[Black "Schwetlick, Thomas"]
[Result "1/2-1/2"]
[WhiteElo "1740"]
[BlackElo "1815"]
[PlyCount "47"]
[EventDate "2017.??.??"]
[EventType "team-tourn"]
[EventRounds "9"]
[SourceDate "2017.10.08"]
[WhiteTeam "SSC Rostock 07"]
[BlackTeam "HSG Uni Rostock"]

1. e4 e5 2. Bc4 Nf6 3. d3 Be7 4. Nf3 Nc6 5. Nc3 d6 6. h3 a6 7. Bb3 O-O 8. O-O
Na5 9. Qe2 c5 10. Nh2 Nxb3 11. axb3 Be6 12. f4 exf4 13. Bxf4 Nd7 14. Nf3 Re8
15. Qd2 f6 16. d4 Nf8 17. Kh1 g5 18. Bh2 Ng6 19. Rad1 b5 20. dxc5 dxc5 21. Qe3
Qc8 22. Nd5 Bd8 23. Qd3 Ra7 24. Rfe1 1/2-1/2

[Event "VL 2017/18"]
[Site "Mecklenburg-Vorpommern"]
[Date "2018.04.22"]
[Round "9.7"]
[White "Sager, Bernd"]
[Black "Schulze, Christoph"]
[Result "1-0"]
[WhiteElo "1818"]
[BlackElo "1613"]
[PlyCount "35"]
[EventDate "2017.??.??"]
[EventType "team-tourn"]
[EventRounds "9"]
[SourceDate "2017.10.08"]
[WhiteTeam "HSG Uni Rostock"]
[BlackTeam "SSC Rostock 07"]

1. d4 d6 2. Nf3 Bg4 3. e3 Nf6 4. h3 Bh5 5. c4 Nbd7 6. Be2 e5 7. Nc3 c6 8. O-O
e4 9. Nd2 Bxe2 10. Qxe2 d5 11. cxd5 cxd5 12. Qb5 a6 13. Qxb7 Rb8 14. Qxa6 Be7
15. Qe2 O-O 16. a3 Qa5 17. Rb1 Bxa3 18. Ra1 1-0

[Event "VL 2017/18"]
[Site "Mecklenburg-Vorpommern"]
[Date "2018.04.22"]
[Round "9.8"]
[White "Kallweit, Paul"]
[Black "Schroeder, Christian"]
[Result "1-0"]
[WhiteElo "1604"]
[BlackElo "1741"]
[PlyCount "81"]
[EventDate "2017.??.??"]
[EventType "team-tourn"]
[EventRounds "9"]
[SourceDate "2017.10.08"]
[WhiteTeam "SSC Rostock 07"]
[BlackTeam "HSG Uni Rostock"]

1. d4 Nf6 2. Bf4 e6 3. e3 c5 4. c3 d5 5. Nf3 Nc6 6. Nbd2 Be7 7. Bd3 O-O 8. Ne5
Nxe5 9. dxe5 Nd7 10. Qh5 f5 11. g4 c4 12. Bc2 Nc5 13. gxf5 exf5 14. Rg1 Qe8 15.
Qh3 Kh8 16. Nf3 g6 17. Nd4 Ne6 18. Bh6 Nxd4 19. exd4 Rg8 20. f4 Be6 21. O-O-O
b5 22. a3 a5 23. Qg3 b4 24. axb4 axb4 25. h4 bxc3 26. bxc3 Ra1+ 27. Kd2 Rxd1+
28. Rxd1 Qd8 29. Bg5 Bxg5 30. Qxg5 Qxg5 31. hxg5 Rb8 32. Ra1 Rb7 33. Ra6 Re7
34. Ba4 Bc8 35. Ra8 Rc7 36. e6 Kg7 37. e7 Rxe7 38. Rxc8 Re4 39. Bc6 Rxf4 40.
Bxd5 Rg4 41. Rg8# 1-0

[Event "VL 2017/18"]
[Site "Mecklenburg-Vorpommern"]
[Date "2018.04.22"]
[Round "9.1"]
[White "Kliewe, Hans Juergen"]
[Black "Wolke, Heiko"]
[Result "1-0"]
[WhiteElo "2004"]
[BlackElo "1988"]
[PlyCount "59"]
[EventDate "2017.??.??"]
[EventType "team-tourn"]
[EventRounds "9"]
[SourceDate "2017.10.08"]
[WhiteTeam "ASV Wismar"]
[BlackTeam "SFO Warnemuende"]

1. d4 Nf6 2. Bf4 e6 3. e3 Be7 4. Bd3 c5 5. c3 b6 6. Nd2 Bb7 7. e4 cxd4 8. cxd4
Nc6 9. Ne2 O-O 10. O-O d6 11. Bg5 e5 12. Bxf6 Bxf6 13. d5 Nb4 14. Bc4 a5 15.
Nc3 Na6 16. Re1 Rc8 17. Qe2 Nc5 18. a3 Bg5 19. Nf3 f5 20. exf5 Rxf5 21. b4 Nd7
22. Ne4 Qc7 23. Bd3 Bf4 24. Nxd6 Qxd6 25. Bxf5 Rf8 26. Be6+ Kh8 27. Rad1 Rf6
28. Bxd7 Qxd7 29. g3 Rh6 30. Nxe5 1-0

[Event "VL 2017/18"]
[Site "Mecklenburg-Vorpommern"]
[Date "2018.04.22"]
[Round "9.3"]
[White "Stutz, Reno"]
[Black "Hamann, Dirk"]
[Result "1/2-1/2"]
[WhiteElo "1967"]
[BlackElo "1888"]
[PlyCount "63"]
[EventDate "2017.??.??"]
[EventType "team-tourn"]
[EventRounds "9"]
[SourceDate "2017.10.08"]
[WhiteTeam "ASV Wismar"]
[BlackTeam "SFO Warnemuende"]

1. d4 Nf6 2. Nf3 g6 3. Nc3 Bg7 4. e4 d6 5. Be3 c6 6. Qd2 b5 7. Bd3 Bg4 8. Bh6
Bxh6 9. Qxh6 Bxf3 10. gxf3 Qa5 11. h4 Nh5 12. a4 Qb4 13. axb5 Qxd4 14. bxc6
Nxc6 15. Nb5 Qb6 16. Ra6 Qb7 17. Rxc6 Qxc6 18. Nd4 Qb6 19. Bb5+ Kd8 20. Nc6+
Kc7 21. Ba4 Qxb2 22. O-O Qa3 23. Nxe7 Qxa4 24. Nd5+ Kd7 25. Qg5 Rhe8 26. Rb1
Qc6 27. c4 Re5 28. Qe3 f5 29. Qh6 Rh8 30. Qe3 Ra8 31. Qh6 Rh8 32. Qe3 1/2-1/2